Fc De Kampioenen Afleveringen - Statistieken

Algemene statistieken
  • Deze quiz is 90 keer genomen
  • De gemiddelde score is 80 van 273
Antwoordstatistieken
Hint Antwoord % Correct
Seizoen 21 aflevering 10 De Carmen
69%
Seizoen 1 aflevering 1 De nieuwe truitjes
69%
Seizoen 20 aflevering 7 Bella Africa
54%
Seizoen 21 aflevering 7 Boma in Brugge
54%
Seizoen 9 aflevering 1 BTW inbegrepen
54%
Seizoen 20 aflevering 13 DDT ontsnapt
54%
Seizoen 21 aflevering 13 De mooiste dag
54%
Seizoen 17 aflevering 5 Love boat
54%
Seizoen 16 aflevering 8 Team spirit
54%
Seizoen 14 aflevering 1 Café op stelten
46%
Seizoen 5 aflevering 1 De nieuwe start
46%
Seizoen 3 aflevering 4 De schat
46%
Seizoen 1 aflevering 5 Doortje
46%
Seizoen 14 aflevering 4 Eviva España
46%
Seizoen 2 aflevering 6 FC Toneel
46%
Seizoen 13 aflevering 6 Friet met mayonaise
46%
Seizoen 14 aflevering 11 Het Ardennenoffensief
46%
Seizoen 13 aflevering 1 Het knekelveld
46%
Seizoen 1 aflevering 4 Het record
46%
Seizoen 7 aflevering 2 Het schilderij
46%
Seizoen 21 aflevering 11 Marc burgemeester
46%
Seizoen 10 aflevering 2 Monsieur Boma
46%
Seizoen 14 aflevering 12 Pol in de put
46%
Seizoen 12 aflevering 7 Psycho Boma
46%
Seizoen 14 aflevering 13 Quix
46%
Seizoen 17 aflevering 7 Allemaal beestjes
38%
Seizoen 2 aflevering 8 Bieke's auto
38%
Seizoen 4 aflevering 7 Bieke solo
38%
Seizoen 6 aflevering 7 Bij Xavier
38%
Seizoen 6 aflevering 4 Blauwhelmen
38%
Seizoen 6 aflevering 3 Boem
38%
Seizoen 15 aflevering 2 Boma surprise
38%
Seizoen 21 aflevering 4 Carmen BV
38%
Seizoen 21 aflevering 1 Champagnevoetbal
38%
Seizoen 10 aflevering 4 Chez Nero
38%
Seizoen 4 aflevering 6 Cinema cinema
38%
Seizoen 3 aflevering 12 DDT niet OK
38%
Seizoen 6 aflevering 2 De bakvis
38%
Seizoen 21 aflevering 8 De bende van Boma
38%
Seizoen 19 aflevering 11 De Boma Boulevard
38%
Seizoen 18 aflevering 10 De gokchinees
38%
Seizoen 3 aflevering 6 De haptonoom
38%
Seizoen 7 aflevering 12 De helderziende
38%
Seizoen 4 aflevering 1 De motorfiets
38%
Seizoen 3 aflevering 1 De nieuwe Kampioen
38%
Seizoen 3 aflevering 2 Depressief
38%
Seizoen 18 aflevering 4 De quiz
38%
Seizoen 17 aflevering 2 De twaalfde man
38%
Seizoen 2 aflevering 7 De vriendin
38%
Seizoen 18 aflevering 9 Dierbaar vaderland
38%
Seizoen 7 aflevering 3 Doping
38%
Seizoen 8 aflevering 6 FC De Valentino's
38%
Seizoen 1 aflevering 11 Het geld of het veld
38%
Seizoen 15 aflevering 13 Het huwelijk
38%
Seizoen 13 aflevering 4 Het Kampioenenbal
38%
Seizoen 13 aflevering 11 Hoogtevrees
38%
Seizoen 3 aflevering 10 Kiescampagne
38%
Seizoen 1 aflevering 2 Koopjes
38%
Seizoen 12 aflevering 11 Made in Germany
38%
Seizoen 7 aflevering 4 Marc stopt
38%
Seizoen 6 aflevering 1 Mijnheer Constant
38%
Seizoen 3 aflevering 9 Miss Knalpot
38%
Seizoen 2 aflevering 3 Naar Amerika
38%
Seizoen 17 aflevering 13 Operatie Betina
38%
Seizoen 14 aflevering 8 O sole mio
38%
Seizoen 17 aflevering 11 Proost
38%
Seizoen 4 aflevering 11 Radiosterren
38%
Seizoen 14 aflevering 9 Rock a Billie
38%
Seizoen 3 aflevering 8 Stank voor dank
38%
Seizoen 1 aflevering 12 Verkiezingen
38%
Seizoen 8 aflevering 4 Verkocht
38%
Seizoen 2 aflevering 13 Verliefd
38%
Seizoen 10 aflevering 12 Voorrang van rechts
38%
Seizoen 3 aflevering 7 Weekend aan zee
38%
Seizoen 19 aflevering 12 Wie wordt de vrouw van Boma
38%
Seizoen 17 aflevering 4 Winterstop
38%
Seizoen 21 aflevering 12 Wodka
38%
Seizoen 13 aflevering 7 Xaviera Waterslaeghers
38%
Seizoen 5 aflevering 12 Aardstralen
31%
Seizoen 2 aflevering 1 Alleen is maar alleen
31%
Seizoen 20 aflevering 8 Allo allo
31%
Seizoen 6 aflevering 12 American football
31%
Seizoen 12 aflevering 8 Aprilvissers
31%
Seizoen 12 aflevering 13 Baboeleke
31%
Seizoen 2 aflevering 2 Bekers
31%
Seizoen 9 aflevering 4 Bertha Boma
31%
Seizoen 3 aflevering 5 Besmet
31%
Seizoen 3 aflevering 13 Betrapt
31%
Seizoen 5 aflevering 7 Boma's list
31%
Seizoen 6 aflevering 13 Boma's sister
31%
Seizoen 10 aflevering 7 Bomeo en Julia
31%
Seizoen 8 aflevering 2 Café zonder bier
31%
Seizoen 1 aflevering 7 Carmens wasmachine
31%
Seizoen 6 aflevering 6 Carmen vermist
31%
Seizoen 9 aflevering 10 Chérie
31%
Seizoen 16 aflevering 9 De eerste prijs
31%
Seizoen 5 aflevering 6 De filmster
31%
Seizoen 8 aflevering 8 De infiltrant
31%
Seizoen 11 aflevering 6 De kidnapping
31%
Seizoen 18 aflevering 5 De kotmadam
31%
Seizoen 15 aflevering 9 De moeders
31%
Seizoen 19 aflevering 6 De nieuwe man
31%
Seizoen 14 aflevering 3 De nieuwe matras
31%
Seizoen 9 aflevering 3 De splinternieuwe trainer
31%
Seizoen 5 aflevering 8 De stagiaire
31%
Seizoen 5 aflevering 10 De steward
31%
Seizoen 6 aflevering 5 De sympathiekste
31%
Seizoen 20 aflevering 9 De valse noot
31%
Seizoen 17 aflevering 12 De veiling
31%
Seizoen 9 aflevering 8 Doortje Waterslaeghers
31%
Seizoen 16 aflevering 6 Een beetje verliefd
31%
Seizoen 20 aflevering 6 Een kaarsje
31%
Seizoen 19 aflevering 2 En dans!
31%
Seizoen 12 aflevering 5 Gebuisd
31%
Seizoen 12 aflevering 1 Geheime aanbidders
31%
Seizoen 11 aflevering 10 Grenzen verleggen
31%
Seizoen 15 aflevering 8 Het cadeau
31%
Seizoen 8 aflevering 11 Het clubblad
31%
Seizoen 18 aflevering 6 Het geluid
31%
Seizoen 8 aflevering 7 Het koekoeksjong
31%
Seizoen 15 aflevering 10 Het lied
31%
Seizoen 20 aflevering 1 Home sweet home
31%
Seizoen 18 aflevering 11 Hormonen
31%
Seizoen 14 aflevering 2 Innige deelneming
31%
Seizoen 15 aflevering 3 In vuur en vlam
31%
Seizoen 17 aflevering 6 Kalenders
31%
Seizoen 13 aflevering 2 Kamer te huur
31%
Seizoen 13 aflevering 8 Keeper gezocht
31%
Seizoen 12 aflevering 10 Lottokoorts
31%
Seizoen 4 aflevering 13 Love Story
31%
Seizoen 5 aflevering 9 Marc macho
31%
Seizoen 10 aflevering 9 Nero superstar
31%
Seizoen 19 aflevering 9 Op straat
31%
Seizoen 11 aflevering 12 Oud zot
31%
Seizoen 21 aflevering 2 Poepa Boma
31%
Seizoen 6 aflevering 8 Prijs
31%
Seizoen 20 aflevering 4 Rode kaart
31%
Seizoen 4 aflevering 4 Rode vlekjes
31%
Seizoen 20 aflevering 3 Ronaldinho en de Rode Duivels
31%
Seizoen 20 aflevering 11 Ronaldinho en Julia
31%
Seizoen 19 aflevering 7 Schwalbe
31%
Seizoen 9 aflevering 2 Smakelijk
31%
Seizoen 11 aflevering 13 Soep van duifjes
31%
Seizoen 19 aflevering 3 Soirée privée
31%
Seizoen 17 aflevering 3 Spaghetti championaise
31%
Seizoen 17 aflevering 9 Stokken in de wielen
31%
Seizoen 18 aflevering 8 Super papa
31%
Seizoen 19 aflevering 8 Tony de pony
31%
Seizoen 1 aflevering 6 Transfer
31%
Seizoen 4 aflevering 3 Verwisselingen
31%
Seizoen 14 aflevering 10 Voor een prikje
31%
Seizoen 19 aflevering 4 Vraag het aan Vertongen
31%
Seizoen 5 aflevering 5 Vrouwenhandel
31%
Seizoen 18 aflevering 3 What's new Pussycat
31%
Seizoen 14 aflevering 5 Zet ’m op
31%
Seizoen 10 aflevering 8 België - Holland
23%
Seizoen 19 aflevering 1 Big in Japan
23%
Seizoen 13 aflevering 13 Bloemetjes en bijtjes
23%
Seizoen 13 aflevering 3 Blond en meedogenloos
23%
Seizoen 9 aflevering 13 Boma failliet
23%
Seizoen 8 aflevering 3 Carmen zwanger
23%
Seizoen 10 aflevering 6 Casanova Vertongen
23%
Seizoen 1 aflevering 9 Crisis
23%
Seizoen 6 aflevering 10 Cupido
23%
Seizoen 5 aflevering 13 DDT getrouwd
23%
Seizoen 20 aflevering 10 De Bomabio
23%
Seizoen 5 aflevering 11 De clubkas
23%
Seizoen 3 aflevering 3 De elfde man
23%
Seizoen 12 aflevering 9 De enquête
23%
Seizoen 15 aflevering 11 De getuigen
23%
Seizoen 9 aflevering 5 De hofleverancier
23%
Seizoen 8 aflevering 10 De horoscoop
23%
Seizoen 12 aflevering 6 De nieuwe kracht
23%
Seizoen 7 aflevering 11 De optimist
23%
Seizoen 1 aflevering 8 De ster
23%
Seizoen 2 aflevering 4 De streep
23%
Seizoen 15 aflevering 12 De vrijgezellenavond
23%
Seizoen 19 aflevering 5 Doopfeest
23%
Seizoen 17 aflevering 8 Een groen blaadje
23%
Seizoen 18 aflevering 13 Een moeilijke bevalling
23%
Seizoen 11 aflevering 8 Eerlijk duurt het langst
23%
Seizoen 16 aflevering 5 Feest
23%
Seizoen 13 aflevering 12 Gele limonade
23%
Seizoen 6 aflevering 11 Gigolo Marc
23%
Seizoen 19 aflevering 10 Hakuna matata
23%
Seizoen 21 aflevering 6 Heldendaad
23%
Seizoen 10 aflevering 3 Het aanzoek
23%
Seizoen 16 aflevering 7 Het goede doel
23%
Seizoen 4 aflevering 9 Het jubileum
23%
Seizoen 20 aflevering 5 Het volkstuintje
23%
Seizoen 18 aflevering 2 Ho ho ho
23%
Seizoen 6 aflevering 9 Houd de dief
23%
Seizoen 17 aflevering 1 Knock out
23%
Seizoen 10 aflevering 11 Kolonel Waterslaeghers
23%
Seizoen 20 aflevering 2 Kop van jut
23%
Seizoen 16 aflevering 1 Kopzorgen
23%
Seizoen 4 aflevering 8 Liefdesverdriet
23%
Seizoen 16 aflevering 2 Lief klein bolleke
23%
Seizoen 19 aflevering 13 Love is in the air
23%
Seizoen 14 aflevering 6 Met twee aan zee
23%
Seizoen 18 aflevering 12 Mijn grootste fan
23%
Seizoen 21 aflevering 3 Music Maestro
23%
Seizoen 13 aflevering 5 Nennieuwennoed
23%
Seizoen 16 aflevering 12 Nonkel Gilbert
23%
Seizoen 1 aflevering 13 Omkoopschandaal
23%
Seizoen 15 aflevering 6 Op vrijersvoeten
23%
Seizoen 5 aflevering 4 Overtijd
23%
Seizoen 8 aflevering 5 Roger
23%
Seizoen 7 aflevering 8 Schijn bedriegt
23%
Seizoen 9 aflevering 7 Schone schijn
23%
Seizoen 7 aflevering 1 Sinterklaas kampioentje
23%
Seizoen 3 aflevering 11 Tango d'Amore
23%
Seizoen 16 aflevering 11 Valentijn
23%
Seizoen 15 aflevering 7 Verloofd
23%
Seizoen 1 aflevering 10 Voetbalploeg zoekt trainer
23%
Seizoen 11 aflevering 4 Vrolijk kerstfeest
23%
Seizoen 10 aflevering 1 Wie het schoentje past
23%
Seizoen 2 aflevering 12 Xavier gekwetst
23%
Seizoen 15 aflevering 5 Zware Julien
23%
Seizoen 7 aflevering 9 Zwarte liefde
23%
Seizoen 16 aflevering 13 Amen en uit
15%
Seizoen 15 aflevering 1 Baby Baby
15%
Seizoen 12 aflevering 12 Besparingsplan
15%
Seizoen 9 aflevering 6 Bieke culinair
15%
Seizoen 15 aflevering 4 Boma op jacht
15%
Seizoen 17 aflevering 10 Buitenspel
15%
Seizoen 11 aflevering 5 Carmen goes classic
15%
Seizoen 2 aflevering 5 Carmen rukt op
15%
Seizoen 12 aflevering 4 Dag van de secretaresse
15%
Seizoen 7 aflevering 7 DDT bedreigd
15%
Seizoen 8 aflevering 12 De aanhouder wint
15%
Seizoen 4 aflevering 5 De aanranding
15%
Seizoen 11 aflevering 9 De Bomababe
15%
Seizoen 2 aflevering 11 De controleur
15%
Seizoen 21 aflevering 5 De cover
15%
Seizoen 7 aflevering 6 De erfenis
15%
Seizoen 5 aflevering 2 De huwelijksmakelaar
15%
Seizoen 2 aflevering 10 De ooievaar
15%
Seizoen 4 aflevering 10 De scheidsrechter
15%
Seizoen 9 aflevering 12 De sollicitatie
15%
Seizoen 16 aflevering 4 De tribune
15%
Seizoen 8 aflevering 1 De verhuizing
15%
Seizoen 21 aflevering 9 Een echte held
15%
Seizoen 7 aflevering 13 Eindelijk
15%
Seizoen 4 aflevering 2 FC Championettes
15%
Seizoen 8 aflevering 9 FC Junior
15%
Seizoen 4 aflevering 12 Here we come
15%
Seizoen 13 aflevering 9 Het mirakel
15%
Seizoen 9 aflevering 9 Interim sponsor
15%
Seizoen 11 aflevering 2 Jonger dan je denkt
15%
Seizoen 14 aflevering 7 Kere weer om
15%
Seizoen 18 aflevering 7 Lange vingers
15%
Seizoen 18 aflevering 1 Leven na de dood
15%
Seizoen 11 aflevering 11 Lief dagboek
15%
Seizoen 5 aflevering 3 Liefde is blind
15%
Seizoen 20 aflevering 12 Noblesse oblige
15%
Seizoen 2 aflevering 9 Operatie Parkiet
15%
Seizoen 7 aflevering 10 Smeergeld
15%
Seizoen 8 aflevering 13 Spoorloos
15%
Seizoen 12 aflevering 2 Stoelendans
15%
Seizoen 11 aflevering 7 Succes verzekerd
15%
Seizoen 9 aflevering 11 Survival training
15%
Seizoen 11 aflevering 3 Te bed of niet te bed
15%
Seizoen 10 aflevering 13 Totale uitverkoop
15%
Seizoen 11 aflevering 1 Twaalf stielen
15%
Seizoen 7 aflevering 5 Verboden vruchten
15%
Seizoen 16 aflevering 3 Verslaafd
15%
Seizoen 16 aflevering 10 Voedselvergiftiging
15%
Seizoen 1 aflevering 3 Vogelvrij
15%
Seizoen 13 aflevering 10 Vrolijke vrienden
15%
Seizoen 10 aflevering 10 Waterslaeghers senior
15%
Seizoen 10 aflevering 5 Werk aan de winkel
15%
Seizoen 12 aflevering 3 Vuil spel
8%
Geen overeenkomende quizzen gevonden
Scoreverdeling
Procent van Mensen met Elke Score
Percentiel versus Aantal Correcte Antwoorden
Uw Scoregeschiedenis
U heeft deze quiz nog niet genomen